00843 2200277 4500001002100000005001700021008004100038020002200079035002500101040001200126082001700138084001700155090001700172100002800189245014500217260002800362300002200390650002300412700002800435700001600463700002000479850001200499990001800511990001800529990001800547INLIS00000000000340320150415092853.0  a978-602-241-972-3 a0010-041500000000469 aYOPDYOG a297.57 Tas B a297.57 Tas B a297.57 Tas B aTASIRUN SULAIMAN, 1965- aBack to Allahb: tahap-tahap mengubah dosa menjadi pahala /cTasinun Sulaiman ; editor Andriansyah Syihabuddin, Izmir Azlan, Adhika Prasetya aJakartabErlanggac2014 a67 hlm.b; 21 cm. aKehidupan beragama aAndriansyah Syihabuddin aIzmir Azlan aAdhika Prasetya aYOPDYOG a10782-PD/B.15 a10783-PD/B.15 a10784-PD/B.15